Cancionero

Salvato in:
Dettagli Bibliografici
Autore principale: Manrique, Jorge
Natura: Libro
Lingua:Undetermined
Pubblicazione: Madrid, España Espasa-Calpe 1975
Edizione:7
Soggetti:
Tags: Aggiungi Tag
Nessun Tag, puoi essere il primo ad aggiungerne!!

MARC

LEADER 00000nam a2200000Ia 4500
008 170316s9999 xx 000 0 und d
040 |a cru BVZT 
090 |a 862 M-8c 
100 |a Manrique, Jorge 
245 |a Cancionero 
250 |a 7 
260 |a Madrid, España 
260 |b Espasa-Calpe 
260 |c 1975 
300 |a 173 páginas 
650 |a LITERATURA ESPAÑOLA 
999 |c 10230  |d 10230 
942 |c 15 D  |h 862 M-8c  |2 z